| 000 | 00758cam a2200229 4500 | ||
|---|---|---|---|
| 008 | 090401t1988 xxu||||| |||| 00| 0 eng d | ||
| 020 | _a0471632546 | ||
| 035 | _a(Sirsi) u65450 | ||
| 041 | _aeng | ||
| 050 |
_a338.43690952 _c18 |
||
| 245 |
_aBuilt by Japan _bcompetitive strategies of the Japanese construction industry |
||
| 260 |
_aNew York _bWiley _c1988 |
||
| 300 |
_axiv, 205p. _bill. _c24cm. |
||
| 350 | _a37.35 | ||
| 520 | _aExplains the history of the Japanese construction industry and the strategies that they have used to gain a greater shared of the market. | ||
| 650 | _aJAPAN | ||
| 690 |
_aConstruction management _96230 |
||
| 700 |
_aHasegawa, Fumio _xEditor |
||
| 710 |
_aShimizu Group FS _92090 |
||
| 942 | _n0 | ||
| 948 | _c04/03/1997 | ||
| 999 |
_c94762 _d94762 |
||